00663 2200229 4500001002100000005001700021008004100038035002400079082001000103090001700113110005200130245006600182260002900248300002300277500003100300650003300331700002000364850001500384980001300399985000600412999001500418YOGYA-0209000006024820090227035749.0 ind  0010-020900000060248 a8X0.9 a8X0.9bInd H aINDONESIA. Departemen Pendidikan dan Kebudayaan aHikayat wayang Arjuna dan PurusaracNikmah Sunardjo...[et.al] aJakartabDepdikbudc1991 axi, 272 hlmc22 cm aBibliografi : hlm. 259-261 aKesusasteraan Indonesia Lama aSunarjo, Nikmah aYOPDYOG(B) a26-07-08 a1 aA000018471